000 00757nam a2200277 i 4500
001 C2-0005049
003 PPAK
005 20190630221828.0
008 970121s1987 my a|||| ||||| | may d
020 _a9676503762
040 _aPPAK
_beng
_cPPAK
_erda
082 0 4 _a660
_223
090 0 0 _a660
_bJEN
_dRK
100 1 _aJennings, Terry,
_eauthor
245 1 0 _aBahan kimia harian
264 1 _aPetaling Jaya, Selangor :
_bFajar Bakti ,
_c1987
300 _a32 pages :
_billustrations ;
_c28 cm
336 _2rdacontent
_atext
337 _2rdamedia
_aunmediated
338 _2rdacarrier
_avolume
490 1 _aSiri Saintis Muda Menyelidik
500 _aTerjemahan
650 1 0 _aChemicals
830 0 _aSiri Saintis Muda Menyelidik
942 _ddc
_cB
999 _c1368
_d1368